India: Nuclear weapons and international politics (Record no. 15363)

MARC details
000 -LEADER
fixed length control field 00304nam a2200121Ia 4500
082 ## - DEWEY DECIMAL CLASSIFICATION NUMBER
Classification number RR 016.32754 PAT
100 ## - MAIN ENTRY--AUTHOR NAME
Personal name Patil, R.L.M.
245 #0 - TITLE STATEMENT
Title India: Nuclear weapons and international politics
260 ## - PUBLICATION, DISTRIBUTION, ETC. (IMPRINT)
Place of publication Delhi
Name of publisher National
Year of publication 1969
300 ## - PHYSICAL DESCRIPTION
Number of Pages 338p.
504 ## - BIBLIOGRAPHY, ETC. NOTE
Bibliography, etc Bibliography : p.131-338
942 ## - ADDED ENTRY ELEMENTS (KOHA)
Koha item type Books
Holdings
Withdrawn status Lost status Damaged status Not for loan Home library Current library Date acquired Full call number Accession Number Price effective from Koha item type
        NASSDOC Library NASSDOC Library 08/10/2004 RR 016.32754 PAT 3751 18/04/2019 Books